Best Picture Nominees of the Last 25 Years Quiz Stats

 Plays Quiz Updated Mar 4, 2021

Support Sporcle.
Go Orange.
Score 0/25 Timer 08:00
0 Plays Today
% Correct
La La Land
94.4%
Bohemian Rhapsody
93.6%
Black Swan
93.5%
The Green Mile
88.3%
Ray
84.7%
Inglourious Basterds
83.5%
Fargo
82.3%
Captain Phillips
81.2%
The Help
78.4%
Gangs of New York
77.7%
The Grand Budapest Hotel
77.2%
Little Miss Sunshine
75.2%
Milk
74.9%
% Correct
Silver Linings Playbook
74.4%
Jojo Rabbit
74.3%
Lost in Translation
72.5%
Erin Brockovich
70.1%
Capote
68.9%
Elizabeth
65.9%
Room
65.1%
Moulin Rouge!
64.8%
As Good as It Gets
62.8%
Lady Bird
61.3%
The Father
53%
Atonement
43.3%

You're not logged in!

Compare scores with friends on all Sporcle quizzes.
OR
Log In

From the Vault

2000s Movies A-Z IV

by ghcgh

That moment when a bunny is the scariest part of a Sporcle quiz.
Remove Ads.
Support Sporcle.
Get the best of Sporcle when you Go Orange. This ad-free experience offers more features, more stats, and more fun while also helping to support Sporcle. Thank you for becoming a member.

Show Comments

Extras

Top Quizzes Today


Score Distribution

Your Account Isn't Verified!

In order to create a playlist on Sporcle, you need to verify the email address you used during registration. Go to your Sporcle Settings to finish the process.

Report this User

Report this user for behavior that violates our Community Guidelines.

Details: